000 00883nam a2200253Ia 4500
003 OSt
005 20220923211417.0
006 a|||||r|||| 00| 0
007 ta
008 Pun
020 _a9788191094947 (hbk)
_c200
024 _a290,245
037 _b1017, 09/03/2016, H.K. Prakashan
_cTextual
040 _aARTS
_cARTS
_bPun
041 _2Pun
_aPun
082 _aO153,3N33:g, Q2
100 _aਛਾਜਲੀ, ਬਲਦੇਵ ਸਿੰਘ
_9156274
245 0 _aਗੁਰਦਿਆਲ ਸਿੰਘ ਦਾ ਕਹਾਣੀ ਜਗਤ
260 _aਚੰਡੀਗੜ੍ਹ
_b ਸਪਤਰਿFੀ ਪਬਲੀਕੇFਨਗ਼
_c2012
300 _a130ਪੰ
_ccm.
650 _aਪੰਜਾਬੀ ਸਾਹਿਤ
942 _hO153,3N33:g, Q2
_cTEXL
_2CC
999 _c299201
_d299201